Library Banner

The novice (Record no. 89727)

MARC details
000 -LEADER
fixed length control field 00446nam a22001577a 4500
005 - DATE AND TIME OF LATEST TRANSACTION
control field 20170103115522.0
008 - FIXED-LENGTH DATA ELEMENTS--GENERAL INFORMATION
fixed length control field 170103b xxu||||| |||| 00| 0 eng d
020 ## - INTERNATIONAL STANDARD BOOK NUMBER
International Standard Book Number 9781608320059
040 ## - CATALOGING SOURCE
Transcribing agency PK-LaUMT
082 ## - DEWEY DECIMAL CLASSIFICATION NUMBER
Classification number 294.3092
Item number SCH-N
100 ## - MAIN ENTRY--PERSONAL NAME
Personal name Schettini , Stephen
245 ## - TITLE STATEMENT
Title The novice
Remainder of title why i became a buddhist monk, why quit & what i learned
Statement of responsibility, etc Stephen schettini
260 ## - PUBLICATION, DISTRIBUTION, ETC. (IMPRINT)
Place of publication, distribution, etc Austin
Name of publisher, distributor, etc Greenleaf
Date of publication, distribution, etc 2009
300 ## - PHYSICAL DESCRIPTION
Extent 345 p.
942 ## - ADDED ENTRY ELEMENTS (KOHA)
Koha item type Books
Holdings
Withdrawn status Lost status Damaged status Home library Current library Date acquired Full call number Barcode Date last seen Price effective from Koha item type
      UMT Main Campus UMT Main Campus 2017-01-03 294.3092 SCH-N 104829 2022-04-21 2017-01-03 Books